000 00520nam a2200193 a 4500
001 1754910598517
003 ACL
005 20250811164520.0
008 250811s2001##################000#0#eng##
020 _a9780231114530
082 0 4 _a974.00497
_bBRA
100 1 _aBragdon, Kathleen Joan,
_eauthor.
245 1 0 _aThe Columbia Guide to American Indians of the Northeast :
260 _bColumbia University Press,
_c2001.
300 _a327 pages
650 0 _aHistory.
942 _cENGLISH
040 _aACL
_beng
_cACL
999 _c580238
_d580238